Statistiken für Deutsche Sehenswürdigkeiten A-Z - Bilderquiz

Klicken Sie hier um das Quiz zu spielen!

Allgemein

  • Dieses Quiz wurde 356 mal gespielt
  • Das Durchschnittsergebnis liegt bei 10 aus 24

Antwortstatistiken

Antwort% Korrekt
Brandenburger Tor
99%
Kölner Dom
95%
Neuschwanstein
83%
Reichstag
83%
Ulmer Münster
56%
Frauenkirche
53%
Holstentor
48%
Aachener Dom
45%
Veltins-Arena
45%
Wartburg
44%
Oktoberfest
42%
Deutsches Eck
35%
Quedlinburger Schloss
35%
Gasometer
32%
Zwinger
29%
Juist
28%
Sanssouci
27%
Limburger Dom
24%
Paulskirche
20%
Externsteine
17%
Trierer Dom
11%
Medienhafen
10%
Cannstatter Volksfest
9%
Xantener Amphitheater
5%

Verteilung der Resultate

Perzentil nach korrekt beantworteten Fragen

Anzahl Personen mit jedem Resultat

Ihre Resultats-Entwicklung

Sie haben dieses Quiz noch nicht gespielt